[Event "ARM-ch Club 2018"]
[Site "Yerevan"]
[Date "2018.06.13"]
[Round "6"]
[White "Martirosyan, Haik M"]
[Black "Pashikian, Arman"]
[Result "1-0"]
[WhiteElo "2572"]
[BlackElo "2608"]
[Annotator "TA"]
[PlyCount "113"]
[EventDate "2018.??.??"]
[EventCountry "ARM"]
[SourceTitle "playchess.com"]
[Source "ChessBase"]
[SourceQuality "1"]

{[%evp 19,113,33,39,0,1,0,0,0,-4,1,18,11,22,7,13,1,4,8,9,0,15,7,10,8,34,28,27,31,34,34,34,34,33,30,30,29,29,29,35,31,45,45,61,45,54,44,40,40,54,52,53,50,58,51,69,58,58,45,60,61,76,77,79,80,95,90,168,162,148,154,167,141,264,237,205,76,72,72,72,74,93,8,842,831,2360,1627,1180,1148,2765,2765,1995,1963,1317,1254,1041,850]} 1. e4 e5 2. Nf3 Nc6 3. Bb5 Nf6 4. O-O Nxe4 5. Re1 Nd6 6. Nxe5 Be7 7. Bf1 Nf5 {C67: Ruy Lopez: Berlin Defence: 4 0-0 Nxe4} 8. Nf3 d5 9. d4 O-O 10. c3 Re8 {LiveBook: 18 Games} 11. b3 (11. Bd3 Bd6 12. Rxe8+ Qxe8 13. b3 Qe7 14. a4 Nh4 15. Nxh4 Qxh4 {½-½ (39) Martirosyan,H (2567)-Pashikian,A (2578) Yerevan 2018}) 11... Nd6 12. Bb2 $146 ({Predecessor:} 12. Nbd2 Bf5 13. Bb2 Ne4 14. Nxe4 Bxe4 15. Bd3 {0-1 (44) Nepomniachtchi,I (2751)-Nakamura,H (2787) Moscow 2018}) 12... Bf6 13. Rxe8+ Qxe8 14. Na3 Be6 15. Nc2 g6 16. Bd3 Ne7 17. Ne3 Nef5 18. Ng4 Bg7 19. h3 f6 20. Qc2 Qf7 21. Re1 Re8 22. c4 c6 23. c5 Ne4 24. Bxe4 dxe4 25. Qxe4 h5 26. Ngh2 {[%cal Bg4h2,Bh2f1,Bf1g3][%mdl 32]} Re7 {Threatening ...Bxb3.} 27. Qd3 Bd5 28. Nf1 Bh6 29. Bc3 Rxe1 30. Nxe1 Qe6 31. Ng3 Nh4 32. Qe2 Kf7 33. Qxe6+ Kxe6 34. f3 Nf5 35. Nxf5 Kxf5 $14 {[%mdl 4096] Endgame KBB-KBN} 36. Kf2 h4 37. Ke2 Bf4 38. Nd3 g5 39. Ba5 Bg3 40. Nb2 Kg6 41. Nc4 f5 42. Bd8 g4 {[#]} (42... Be6 $16) 43. Na5 $1 $18 ({Not} 43. fxg4 fxg4 44. Ne5+ Kg7 $11) 43... gxf3+ 44. gxf3 f4 {intending ...Be6.} 45. Nxb7 Be6 (45... a6 $16 {was necessary.} 46. Na5 Kf7) 46. Na5 Bd7 47. Nc4 (47. b4 $18 {has better winning chances.}) 47... Bxh3 $16 48. Ne5+ Kf5 49. Nxc6 {[#] aiming for d5.} Ke6 50. Nxa7 ({White should play} 50. Nb4 $16) 50... Kd7 $2 {[%mdl 8192]} (50... Bf5 $11 51. Nc6 h3) 51. Ba5 $18 {White is clearly winning.} Bf5 52. c6+ Kd6 53. c7 h3 54. c8=Q Bxc8 55. Nxc8+ Kd5 56. Kf1 Kxd4 57. Bb6+ {Precision: White = 65%, Black = 44%.} 1-0

[Event "ARM-ch Club 2018"]
[Site "Yerevan"]
[Date "2018.06.13"]
[Round "6"]
[White "Petrosyan, Manuel"]
[Black "Andriasian, Zaven"]
[Result "1/2-1/2"]
[WhiteElo "2551"]
[BlackElo "2586"]
[Annotator "TA"]
[PlyCount "42"]
[EventDate "2018.??.??"]
[EventCountry "ARM"]
[SourceTitle "playchess.com"]
[Source "ChessBase"]
[SourceQuality "1"]

{[%evp 27,42,21,5,0,0,12,10,0,0,0,16,12,5,5,29,-32,-49]} 1. d4 Nf6 2. Nf3 d5 3. c4 c6 4. Nc3 dxc4 5. a4 Bf5 6. Ne5 Nbd7 7. Nxc4 Qc7 8. g3 e5 9. dxe5 Nxe5 10. Bf4 Nfd7 11. Qc1 {D17: Damengambit (Slawische Verteidigung)} (11. Bg2 g5 12. Nxe5 gxf4 13. Nxd7 O-O-O 14. Qd4 Qxd7 15. Qxf4 Bd6 16. Qc1 Be5 17. O-O Qd2 18. Rd1 Qxc1 19. Raxc1 Rxd1+ 20. Nxd1 {1-0 (48) Yu,Y (2751)-Mamedov,R (2709) Huaian 2017}) (11. Bg2 g5 12. Nxe5 gxf4 13. Nxd7 O-O-O 14. Qd4 Qxd7 15. Qxf4 Bd6 16. Qc1 Kb8 17. O-O h5 18. h4 a5 19. Qg5 {½-½ (32) Petrosyan,M (2550)-Andriasian,Z (2621) Yerevan 2017}) 11... f6 12. Bg2 Be6 13. Nxe5 Nxe5 14. O-O Qa5 {LiveBook: 3 Partien} 15. Rd1 Be7 $146 ({Vorgänger:} 15... Bb3 16. Rd4 Bc5 17. Bxe5 fxe5 18. Rg4 O-O {0-1 (35) Bellon Lopez,J (2434)-Krivoshey,S (2484) Germany 2008}) 16. Ne4 O-O 17. b4 Bxb4 18. Rb1 $1 {Droht stark Lxe5.} Nf7 19. Bd2 Bxd2 20. Rxd2 Rad8 21. Rxd8 (21. Rxb7 $11 Rxd2 22. Nxd2) 21... Nxd8 1/2-1/2

[Event "ARM-ch Club 2018"]
[Site "Yerevan"]
[Date "2018.06.13"]
[Round "6"]
[White "Ter-Sahakyan, Samvel"]
[Black "Harutyunian, Tigran K"]
[Result "1-0"]
[WhiteElo "2546"]
[BlackElo "2499"]
[Annotator "TA"]
[PlyCount "73"]
[EventDate "2018.??.??"]
[EventCountry "ARM"]
[SourceTitle "playchess.com"]
[Source "ChessBase"]
[SourceQuality "1"]

{[%evp 27,73,17,32,26,15,15,25,13,15,0,0,0,0,0,1,0,30,31,24,10,385,368,508,494,555,554,547,538,517,510,536,536,536,527,526,503,529,528,509,496,493,398,445,427,404,371,1348,1330]} 1. e4 e5 2. Nf3 Nc6 3. Bb5 a6 4. Ba4 Nf6 5. O-O b5 6. Bb3 Bc5 7. a4 Rb8 8. c3 d6 9. d4 Bb6 10. a5 {C78: Ruy Lopez: Archangelsk and Möller Defences} Ba7 11. h3 O-O 12. Be3 Ra8 13. Nbd2 h6 14. Re1 exd4 {LiveBook: 4 Games} 15. cxd4 Nb4 16. e5 Nfd5 17. Ne4 Nxe3 18. Rxe3 {[#] Qd2 is the strong threat.} Bb7 $146 {next ...dxe5 is good for Black.} 19. e6 {With the idea Neg5!} Nd5 20. exf7+ Rxf7 21. Re1 Kh8 22. Rc1 Rc8 23. g3 {Strongly threatening Nh4.} Qd7 $2 {[%mdl 8192] [#]} (23... Qg8 $1 $11 {and Black stays safe.}) 24. Nh4 $1 $18 Kg8 25. Nc3 c6 26. Nxd5 cxd5 27. Rxc8+ Qxc8 28. Qd3 Bc6 29. Bc2 {Qh7+ would kill now.} g5 30. Nf5 ({Less strong is} 30. Qg6+ Rg7 $18) 30... Qxf5 31. Qxf5 Rxf5 32. Bxf5 Bxd4 {KRB-KB} 33. Re7 b4 34. b3 Bb5 35. Be6+ Kf8 36. Rc7 Bf6 $2 (36... Bd3 37. Bxd5 Bc5) 37. Rf7+ {Precision: White = 79%, Black = 46%.} 1-0

[Event "ARM-ch Club 2018"]
[Site "Yerevan"]
[Date "2018.06.13"]
[Round "6"]
[White "Mikaelyan, Arman"]
[Black "Sargsyan, Tigran R"]
[Result "1-0"]
[WhiteElo "2500"]
[BlackElo "2136"]
[Annotator "TA"]
[PlyCount "70"]
[EventDate "2018.??.??"]
[EventCountry "ARM"]
[SourceTitle "playchess.com"]
[Source "ChessBase"]
[SourceQuality "1"]

{[%evp 24,70,-7,-16,-14,-22,6,-1,0,-21,-22,-24,-25,-43,0,0,0,-72,-71,-75,-35,-35,-18,-33,-40,-33,-23,-56,-41,-81,-75,-79,-72,-84,-29,-47,8,12,135,17,209,210,210,210,206,198,529,520,687]} 1. Nf3 d5 2. g3 c6 3. Bg2 Bg4 4. O-O Nd7 5. h3 Bh5 6. d3 e6 7. Qe1 Bd6 8. e4 Ne7 9. Nbd2 O-O 10. Nh4 Ng6 {A07: Réti Opening: New York and Capablanca Systems} 11. Nxg6 Bxg6 12. f4 (12. Nf3 dxe4 13. dxe4 f6 14. Qe2 Qc7 15. Rd1 Rad8 16. Nd4 Rfe8 17. a4 Bf8 18. Nb3 {½-½ (61) Svidler,P (2739)-Jakovenko,D (2759) Chita 2015}) 12... Re8 13. Nf3 {LiveBook: 3 Games} dxe4 14. dxe4 h6 15. Kh1 Bc5 $146 ({Predecessor:} 15... Nc5 16. e5 Be7 17. Be3 a5 18. Nd2 a4 19. Bxc5 Bxc5 20. Ne4 Qb6 21. b3 Red8 22. Rd1 Rxd1 23. Qxd1 Rd8 {½-½ (23) Grimm,S (2300)-Gerusel,M (2355) Germany 1992}) 16. Nh4 Bh7 17. Bd2 Bd4 18. Bc3 Bf6 19. Bxf6 Nxf6 20. Qe2 (20. e5 $11 Nd5 21. c4) 20... Qd4 $1 $17 {[%cal Rf6e4]} 21. e5 Nd5 (21... Ne4 $5 {[%cal Re4g3]} 22. Kh2 Nd2 $17) 22. c3 Qe3 23. Qe1 Qb6 {aiming for ...Ne3.} 24. Bxd5 cxd5 {[%cal Bc6d5,Bd5d4][%mdl 32]} 25. Qd2 Be4+ 26. Kh2 {[#]} d4 $1 {[%mdl 512]} 27. c4 (27. cxd4 Red8) 27... d3 28. Rae1 Bc6 (28... Qc6 $17 29. b3 Rad8) 29. f5 exf5 (29... Red8 $15) 30. Nxf5 $11 Qc5 (30... a5 $11) 31. Qxd3 (31. Qc3 $1 $16 {Black must now prevent e6.} Re6 32. b4 (32. Qxd3 Qa5 $11)) 31... Rad8 $2 {[#]} (31... Re6 $1 $11) 32. Qc3 $1 $18 {And now e6 would win.} Re6 {[#]} 33. b4 $1 {[%cal Rb4c5,Bb2b4,Bb4b5][%mdl 32]} Qb6 34. Nd6 Rd7 $2 (34... Re7 35. b5 Bd7) 35. b5 Ree7 {Precision: White = 40%, Black = 26%.} 1-0

[Event "ARM-ch Club 2018"]
[Site "Yerevan"]
[Date "2018.06.13"]
[Round "6"]
[White "Sargsyan, Shant"]
[Black "Grigoryan, Karen H"]
[Result "0-1"]
[WhiteElo "2499"]
[BlackElo "2571"]
[Annotator "TA"]
[PlyCount "130"]
[EventDate "2018.??.??"]
[EventCountry "ARM"]
[SourceTitle "playchess.com"]
[Source "ChessBase"]
[SourceQuality "1"]

{[%evp 13,130,75,64,67,220,221,228,210,214,60,59,39,66,51,70,36,51,48,51,56,73,67,67,6,64,52,119,60,37,36,46,0,57,39,61,66,115,37,73,73,73,73,73,73,103,79,70,83,45,58,68,27,35,4,127,87,108,41,34,0,0,0,0,-18,-25,-47,-41,-62,-72,-109,-101,-89,-87,-84,12,-8,-8,-8,-8,-8,-8,-8,0,0,0,-21,-21,-27,-3,-82,-82,-342,-336,-311,-294,-1208,-1188,-1106,-1069,-1158,-937,-891,-866,-816,-607,-762,-690,-822,-799,-29975,-29974,-29979,-29980,-29981,-29982,-29982,-29983,-29983,-29982]} 1. d4 d6 2. Nf3 Bg4 3. e4 Nf6 4. Nc3 e6 5. h3 Bh5 6. Qe2 c6 7. g4 Bg6 8. h4 {A41: 1 d4 d6: Tartakower System and Modern Defence} d5 $2 (8... h5 $14) 9. exd5 $18 Bb4 10. dxe6 {White is clearly better.} O-O 11. e7 $146 ({White should try} 11. h5 $18 Be4 12. Rh3) ({Predecessor:} 11. h5 Be4 12. g5 Qd5 13. Bg2 Ng4 14. Nd2 Bxc3 15. Bxe4 Bxd2+ 16. Bxd2 Qxe6 {1-0 (40) Farago,I (2495)-Klaric,Z (2445) Montpellier 1989}) 11... Qxe7 $14 12. Qxe7 Bxe7 13. g5 Nh5 14. Kd1 Nd7 15. Be3 Rad8 16. Kd2 f5 {[#] ...f4 is the strong threat.} 17. gxf6 Rxf6 18. Ng5 (18. Bc4+ $14 Kh8 19. Ng5) 18... Ne5 (18... Nb6 $11) 19. Rd1 Kh8 (19... Bb4 $14) 20. Kc1 (20. Be2 $16) 20... Ng4 $1 21. Nce4 Rff8 22. Bd3 (22. Be2 $5 {[%cal Re2g4]} Nxe3 23. fxe3 $11) 22... Bf5 (22... Nf4 $11) 23. Bc4 g6 24. Nc5 Rde8 25. Rde1 (25. Nxb7 $16 Nxe3 26. fxe3) 25... Bxc5 26. dxc5 Nxe3 27. Rxe3 Rxe3 28. fxe3 Ng3 29. Rd1 Re8 30. Nf7+ Kg7 31. Nd6 Rxe3 32. Nxb7 Re4 33. Na5 {Black should prevent Bd3.} Ne2+ (33... Rxh4 $11 34. b3 Rh2) 34. Kb1 Re5 35. Bxe2 ({Of course not} 35. Nxc6 Rxc5 36. Na5 Rxa5 $14) (35. Rd6 $16) 35... Rxe2 $16 {[%mdl 4096] Endgame KRB-KRN} 36. Rc1 (36. Ka1 {is interesting.} Rxc2 37. b4 Be6 38. Rd6 Rxa2+ 39. Kb1) 36... Be4 37. b4 h5 38. b5 cxb5 39. c6 Bf5 40. Rf1 {c7 would now be nice for White.} Bxc2+ 41. Ka1 Bf5 {Strongly threatening ...Rc2.} 42. Rc1 Be6 43. Nb3 Bc4 (43... Re5 $17) 44. c7 Re8 45. Nc5 Rc8 {And now ...g5 would win.} 46. a4 Kf7 47. Na6 Ke7 48. Kb2 Kd6 49. Rg1 bxa4 50. Rxg6+ Ke7 51. Nb4 (51. Rh6 $11 {keeps the balance.}) 51... Rxc7 $17 52. Rg7+ $2 {[%mdl 8192] [#]} (52. Rg5 $17 {keeps fighting.}) 52... Bf7 $1 $19 {Hoping for ...a3+!} 53. Nd5+ Kf8 {White must now prevent ...Rb7+.} 54. Nxc7 $2 (54. Rg5 Rc4 55. Nf6) 54... Kxg7 {KB-KN} 55. Nb5 Kf6 56. Nd4 Bc4 57. Kc3 Bf1 58. Kb4 Ke5 59. Nc6+ Kf4 60. Ne7 {If only White now had time for Nd5+....} Bg2 61. Ng6+ Kg4 {Black mates.} 62. Kxa4 Be4 63. Ne5+ Kxh4 64. Kb4 Kg3 65. Kc3 h4 {Precision: White = 33%, Black = 44%.} 0-1

[Event "ARM-ch Club 2018"]
[Site "Yerevan"]
[Date "2018.06.13"]
[Round "6"]
[White "Baghdasaryan, Vahe"]
[Black "Davtyan, David Arm"]
[Result "1-0"]
[WhiteElo "2406"]
[BlackElo "1958"]
[Annotator "NA"]
[PlyCount "57"]
[EventDate "2018.??.??"]
[EventCountry "ARM"]
[SourceTitle "playchess.com"]
[Source "ChessBase"]
[SourceQuality "1"]
[TimeControl "5400+30"]

1. e4 {[%emt 0:00:00]} c5 {[%emt 0:00:12]} 2. Nf3 {[%emt 0:00:00]} d6 {[%emt 0:00:05]} 3. d4 {[%emt 0:00:00]} cxd4 {[%emt 0:00:03]} 4. Nxd4 {[%emt 0:00:00]} Nf6 {[%emt 0:00:07]} 5. Nc3 {[%emt 0:00:01]} Nc6 {[%emt 0:00:03]} 6. Bg5 {[%emt 0:00:49]} e6 {[%emt 0:00:25]} 7. Qd2 {[%emt 0:00:19]} a6 {[%emt 0:00:12]} 8. O-O-O {[%emt 0:00:31]} Bd7 {[%emt 0:00:29]} 9. f4 {[%emt 0:00:54]} b5 {[%emt 0:00:07]} 10. Bxf6 {[%emt 0:04:01]} gxf6 {[%emt 0:00:07]} 11. f5 {[%emt 0:11:59] LiveBook: 112 Partien} b4 {[%emt 0:01:45]} 12. fxe6 {[%emt 0:01:03]} fxe6 {[%emt 0:00:18]} 13. Nce2 {[%emt 0:01:19]} Qa5 {[%emt 0:02:16] [#]} 14. Kb1 $1 {[%emt 0:10:25]} Qe5 {[%emt 0:01:24]} 15. Nxc6 {[%emt 0:14:43]} Bxc6 {[%emt 0:00:09]} 16. Qxb4 {[%emt 0:00:16]} Bxe4 {[%emt 0:02:58]} 17. Nc3 {[%emt 0:08:22]} Bc6 {[%emt 0:01:25]} 18. Bc4 {[%emt 0:04:34]} Qc5 {[%emt 0:09:01]} 19. Qxc5 {[%emt 0:08:18]} dxc5 {[%emt 0:00:07]} 20. Bxe6 {[%emt 0:00:16]} Bxg2 {[%emt 0:01:22]} 21. Rhe1 {[%emt 0:00:27]} Be7 {[%emt 0:00:10]} 22. Rd7 {[%emt 0:10:44]} Rd8 {[%emt 0:01:32]} 23. Rc7 {[%emt 0:04:20]} Kf8 {[%emt 0:00:24]} 24. Bb3 {[%emt 0:00:27]} Re8 {[%emt 0:00:35]} 25. Ba4 {[%emt 0:00:13]} Kf7 {[%emt 0:00:07]} 26. Bb3+ {[%emt 0:01:42]} Kf8 {[%emt 0:00:20]} 27. Na4 {[%emt 0:00:48]} h5 {[%emt 0:01:15]} 28. Nxc5 {[%emt 0:00:26]} Bh3 {[%emt 0:00:18]} 29. Ba4 {[%emt 0:02:55]} 1-0

[Event "ARM-ch Club 2018"]
[Site "Yerevan"]
[Date "2018.06.13"]
[Round "6"]
[White "Mirzoyan, Davit T"]
[Black "Hakobyan, Hakob V"]
[Result "1-0"]
[WhiteElo "2381"]
[BlackElo "2114"]
[Annotator "NA"]
[PlyCount "269"]
[EventDate "2018.??.??"]
[EventCountry "ARM"]
[SourceTitle "playchess.com"]
[Source "ChessBase"]
[SourceQuality "1"]
[TimeControl "5400+30"]

1. d4 {[%emt 0:00:00]} d5 {[%emt 0:00:03]} 2. Nf3 {[%emt 0:00:00]} Nf6 {[%emt 0:00:05]} 3. c4 {[%emt 0:00:04]} c6 {[%emt 0:00:02]} 4. Nc3 {[%emt 0:00:14]} dxc4 {[%emt 0:00:04]} 5. a4 {[%emt 0:00:04]} Bf5 {[%emt 0:00:03]} 6. e3 {[%emt 0:00:05]} e6 {[%emt 0:00:03]} 7. Bxc4 {[%emt 0:00:07]} Bb4 {[%emt 0:00:02]} 8. O-O {[%emt 0:00:09]} Nbd7 {[%emt 0:00:03]} 9. Qe2 {[%emt 0:00:07]} O-O {[%emt 0:00:05]} 10. e4 {[%emt 0:00:08]} Bg6 {[%emt 0:00:10]} 11. Bd3 {[%emt 0:00:05]} Bh5 {[%emt 0:00:09]} 12. e5 {[%emt 0:00:11]} Nd5 {[%emt 0:00:04]} 13. Nxd5 {[%emt 0:00:04]} cxd5 {[%emt 0:00:03]} 14. Qe3 {[%emt 0:00:05]} Bg6 {[%emt 0:00:47] D19: Damengambit (Slawische Verteidigung, Hauptvariante)} (14... Be7 15. Ng5 Bxg5 16. Qxg5 Bg6 17. Qxd8 Rfxd8 18. Be2 Nb8 19. Be3 Nc6 20. Rfc1 Rdc8 21. Rc3 Nb4 22. Raa3 a5 {½-½ (38) Radjabov,T (2748)-Mamedov,R (2704) Shamkir 2018}) 15. Bxg6 {[%emt 0:02:14]} fxg6 {[%emt 0:00:07]} 16. a5 {[%emt 0:00:06]} b6 {[%emt 0:22:14]} 17. Ng5 {[%emt 0:23:24]} Re8 $1 {[%emt 0:00:19]} 18. a6 {[%emt 0:00:01]} h6 $146 {[%emt 0:02:37]} ({Vorgänger:} 18... Rc8 19. Nf3 {½-½ (19) Krygier,I (2383)-Zawadka,Z (2329) ICCF email 2006}) 19. Qb3 {[%emt 0:08:09]} Bf8 {[%emt 0:01:32]} 20. Nf3 {[%emt 0:01:48]} Qe7 {[%emt 0:05:29]} 21. Bd2 {[%emt 0:07:02]} Rac8 {[%emt 0:01:25]} 22. Rfc1 {[%emt 0:01:04]} Nb8 {[%emt 0:01:04]} 23. Qd3 {[%emt 0:00:27]} g5 $14 {[%emt 0:01:27]} 24. b4 {[%emt 0:00:22]} Qd7 {[%emt 0:03:46]} 25. b5 {[%emt 0:12:53]} Rxc1+ {[%emt 0:05:01]} 26. Rxc1 {[%emt 0:00:08]} Rc8 {[%emt 0:00:46]} 27. Rxc8 {[%emt 0:03:34]} Qxc8 {[%emt 0:00:02]} 28. g3 {[%emt 0:04:08]} Qe8 {[%emt 0:08:26]} 29. h3 {[%emt 0:02:43]} Be7 {[%emt 0:03:39]} 30. Kg2 {[%emt 0:01:16]} Nd7 {[%emt 0:04:07]} 31. Qc2 {[%emt 0:00:51]} Nf8 {[%emt 0:00:39]} 32. Qd3 {[%emt 0:12:29]} Qg6 {[%emt 0:01:23]} 33. Qc3 Qe8 {[%emt 0:00:33]} 34. Qb3 {[%emt 0:09:18]} Kf7 {[%emt 0:01:39]} 35. Ne1 {[%emt 0:02:19]} Qd7 {[%emt 0:04:05]} 36. Qd3 {[%emt 0:01:54]} Qc8 {[%emt 0:02:18]} 37. Nc2 {[%emt 0:00:17]} Ng6 {[%emt 0:00:40]} 38. Ne3 {[%emt 0:01:55]} Nf8 {[%emt 0:01:32]} 39. Qe2 {[%emt 0:01:04]} Kg8 {[%emt 0:03:10]} 40. Qd3 {[%emt 0:01:19]} Qe8 {[%emt 0:00:57]} 41. Qb3 {[%emt 0:00:47]} Qd7 {[%emt 0:00:29]} 42. Nd1 {[%emt 0:00:55]} Qe8 {[%emt 0:03:37]} 43. f3 {[%emt 0:02:13]} Qg6 {[%emt 0:01:00]} 44. Ba5 {[%emt 0:01:19]} Nd7 {[%emt 0:02:16]} 45. Be1 {[%emt 0:00:13]} Qe8 {[%emt 0:01:06]} 46. Nc3 {[%emt 0:00:32]} Nf8 {[%emt 0:01:33]} 47. Na4 {[%emt 0:00:15]} Bd8 {[%emt 0:01:13]} 48. Qd3 {[%emt 0:00:20]} Be7 {[%emt 0:04:18]} 49. Bd2 {[%emt 0:01:05]} Qd7 {[%emt 0:00:24]} 50. Kf2 {[%emt 0:00:29]} Qc7 {[%emt 0:00:34]} 51. Qb3 {[%emt 0:00:36]} Nd7 {[%emt 0:02:35]} 52. Ke2 {[%emt 0:01:12]} Kf7 {[%emt 0:00:36]} 53. Kf2 {[%emt 0:00:33]} Nf8 {[%emt 0:01:40]} 54. Qd3 {[%emt 0:00:17]} g6 {[%emt 0:00:31]} 55. Kg2 {[%emt 0:00:34]} Nd7 {[%emt 0:00:33]} 56. Nb2 {[%emt 0:00:17]} Nf8 {[%emt 0:00:20]} 57. Qb3 {[%emt 0:00:18]} Qc8 {[%emt 0:01:42]} 58. Nd3 {[%emt 0:00:04]} Qd7 {[%emt 0:00:11]} 59. Ne1 {[%emt 0:00:13]} Qc7 {[%emt 0:00:17]} 60. Nc2 {[%emt 0:00:18]} Qd7 {[%emt 0:00:11]} 61. Qd3 {[%emt 0:00:02]} Qc7 {[%emt 0:01:17]} 62. Kf2 {[%emt 0:00:13]} Qc8 {[%emt 0:00:26]} 63. Ke2 {[%emt 0:00:19]} Qc7 {[%emt 0:00:06]} 64. Kd1 {[%emt 0:00:17]} Nd7 {[%emt 0:00:14]} 65. Bc3 {[%emt 0:00:58]} Qc8 {[%emt 0:00:11]} 66. Bb2 {[%emt 0:01:01]} Qc7 {[%emt 0:00:10]} 67. Ne3 {[%emt 0:00:19]} Kg7 {[%emt 0:00:33]} 68. Qb3 {[%emt 0:00:35]} Qd8 {[%emt 0:01:45]} 69. Qc2 {[%emt 0:01:21]} Nb8 {[%emt 0:00:04]} 70. Bc3 {[%emt 0:02:27]} Qf8 {[%emt 0:00:26]} 71. Ke2 {[%emt 0:00:00]} Qc8 {[%emt 0:00:15]} 72. Qb3 {[%emt 0:00:00]} Qd7 {[%emt 0:00:12]} 73. Nd1 {[%emt 0:00:32]} Qc7 {[%emt 0:00:15]} 74. Bd2 {[%emt 0:00:20]} Qc8 {[%emt 0:00:33]} 75. Nf2 {[%emt 0:01:47]} Qc7 {[%emt 0:00:12]} 76. Nd3 {[%emt 0:00:14]} Kf7 {[%emt 0:00:26]} 77. Nb2 {[%emt 0:02:09]} Nd7 {[%emt 0:00:02]} 78. Bc3 {[%emt 0:00:21]} Qc8 {[%emt 0:00:18]} 79. Nd1 {[%emt 0:00:12]} Kg7 {[%emt 0:00:20]} 80. Bb2 {[%emt 0:00:13]} Qc7 {[%emt 0:00:25]} 81. Kd2 {[%emt 0:00:16]} Qc8 {[%emt 0:00:14]} 82. Ne3 {[%emt 0:00:08]} Qf8 {[%emt 0:00:10]} 83. Ke2 {[%emt 0:00:11]} Qc8 {[%emt 0:00:05]} 84. Nd1 {[%emt 0:01:09]} Qc7 {[%emt 0:00:46]} 85. Nf2 {[%emt 0:00:10]} Qc8 {[%emt 0:00:12]} 86. Nd3 {[%emt 0:00:27]} Kf7 {[%emt 0:00:01]} 87. Bc1 {[%emt 0:00:23]} Qc7 {[%emt 0:00:11]} 88. Bd2 {[%emt 0:00:16]} Nb8 {[%emt 0:00:12]} 89. Nb2 {[%emt 0:00:26]} Nd7 {[%emt 0:00:06]} 90. Nd3 {[%emt 0:00:04]} Nb8 {[%emt 0:00:05]} 91. Kd1 {[%emt 0:00:37]} Nd7 {[%emt 0:00:12]} 92. Ne1 {[%emt 0:01:51]} Qc8 {[%emt 0:00:12]} 93. Ng2 {[%emt 0:00:22]} Kg7 {[%emt 0:00:29]} 94. g4 {[%emt 0:00:22]} Qc7 {[%emt 0:00:45]} 95. Qd3 {[%emt 0:00:15]} Qc8 {[%emt 0:00:15]} 96. Be1 {[%emt 0:00:18]} Qc7 {[%emt 0:00:17]} 97. Bd2 {[%emt 0:01:20]} Qc8 {[%emt 0:00:23]} 98. Ke2 {[%emt 0:00:35]} Qc7 {[%emt 0:00:08]} 99. Be3 {[%emt 0:00:33]} Qc8 {[%emt 0:00:04]} 100. Kd1 {[%emt 0:00:04]} Qc7 {[%emt 0:00:02]} 101. Bf2 {[%emt 0:00:07]} Qc8 {[%emt 0:00:03]} 102. Be1 {[%emt 0:00:25]} Qc7 {[%emt 0:00:09]} 103. f4 {[%emt 0:00:09]} gxf4 {[%emt 0:00:07]} 104. Nxf4 {[%emt 0:00:05]} Nf8 {[%emt 0:00:02]} 105. h4 {[%emt 0:00:26]} Qd7 {[%emt 0:01:48]} 106. h5 {[%emt 0:00:15]} g5 {[%emt 0:00:17]} 107. Ne2 {[%emt 0:00:41]} Qe8 {[%emt 0:00:22]} 108. Nc1 {[%emt 0:01:48]} Qd7 {[%emt 0:00:18]} 109. Bd2 {[%emt 0:00:06]} Qe8 {[%emt 0:00:08]} 110. Na2 {[%emt 0:00:25]} Qf7 {[%emt 0:01:09]} 111. Ke2 {[%emt 0:00:15]} Qe8 {[%emt 0:00:06]} 112. Bb4 {[%emt 0:01:19]} Qf7 {[%emt 0:00:43]} 113. Bd2 {[%emt 0:01:12]} Qe8 {[%emt 0:00:02]} 114. Qb3 {[%emt 0:00:28]} Nd7 {[%emt 0:00:55]} 115. Nc3 {[%emt 0:00:25]} Qc8 {[%emt 0:00:56]} 116. Nd1 {[%emt 0:00:38]} Qc7 {[%emt 0:00:34]} 117. Ne3 {[%emt 0:00:27]} Qc8 {[%emt 0:00:16]} 118. Nc2 {[%emt 0:00:33]} Qc7 {[%emt 0:00:57]} 119. Kd1 {[%emt 0:01:08]} Qc8 {[%emt 0:00:23]} 120. Qd3 {[%emt 0:00:21]} Qe8 {[%emt 0:00:35]} 121. Ke2 {[%emt 0:00:45]} Nf8 {[%emt 0:01:54]} 122. Bb4 {[%emt 0:00:12]} Qf7 {[%emt 0:00:27]} 123. Bd2 {[%emt 0:00:10]} Qe8 {[%emt 0:00:14]} 124. Kd1 {[%emt 0:00:15]} Qf7 {[%emt 0:00:09]} 125. Ke1 {[%emt 0:00:29]} Qe8 {[%emt 0:00:14]} 126. Ke2 {[%emt 0:00:47]} Qf7 {[%emt 0:00:51]} 127. Qc3 {[%emt 0:00:00]} Qe8 {[%emt 0:09:09]} 128. Qc6 {[%emt 0:00:00]} Qd7 {[%emt 0:00:01]} 129. Bb4 {[%emt 0:00:11]} Kf7 {[%emt 0:00:01]} 130. Kd2 {[%emt 0:01:20]} Ke8 {[%emt 0:08:45]} 131. Bxe7 {[%emt 0:00:30]} Kxe7 {[%emt 0:00:28]} 132. Nb4 {[%emt 0:00:16]} Kd8 {[%emt 0:00:49]} 133. Qa8+ {[%emt 0:01:01]} Ke7 {[%emt 0:00:22]} 134. Nc6+ {[%emt 0:00:01]} Kf7 {[%emt 0:00:06]} 135. Qxa7 {[%emt 0:00:06]} 1-0

[Event "ARM-ch Club 2018"]
[Site "Yerevan"]
[Date "2018.06.13"]
[Round "6"]
[White "Gharagyozyan, Artur"]
[Black "Vardanyan, Aram"]
[Result "1-0"]
[WhiteElo "2310"]
[BlackElo "1866"]
[Annotator "ChessBase"]
[PlyCount "59"]
[EventDate "2018.??.??"]
[EventCountry "ARM"]
[SourceTitle "playchess.com"]
[Source "ChessBase"]
[SourceQuality "1"]
[TimeControl "5400+30"]

1. e4 {[%emt 0:00:00]} c5 {[%emt 0:02:25]} 2. Nf3 {[%emt 0:00:05]} d6 {[%emt 0:00:33]} 3. d4 {[%emt 0:00:04]} Nf6 {[%emt 0:01:05]} 4. Nc3 {[%emt 0:00:04]} cxd4 {[%emt 0:00:22]} 5. Nxd4 {[%emt 0:00:39]} Nc6 {[%emt 0:00:55]} 6. Be3 {[%emt 0:00:21]} e6 {[%emt 0:01:44]} 7. Qd2 {[%emt 0:00:23]} Be7 {[%emt 0:00:29]} 8. f3 {[%emt 0:00:05]} a6 {[%emt 0:00:50]} 9. O-O-O {[%emt 0:00:08]} Qc7 {[%emt 0:01:39]} 10. Kb1 {[%emt 0:00:07]} Bd7 {[%emt 0:03:11]} 11. Bd3 {[%emt 0:00:24]} b5 {[%emt 0:02:50]} 12. Bxb5 {[%emt 0:01:01]} axb5 {[%emt 0:05:44]} 13. Ndxb5 {[%emt 0:00:05]} Qb8 {[%emt 0:02:02]} 14. Nxd6+ {[%emt 0:00:03]} Bxd6 {[%emt 0:00:19]} 15. Qxd6 {[%emt 0:00:06]} Qxd6 {[%emt 0:00:28]} 16. Rxd6 {[%emt 0:00:04]} Ne5 {[%emt 0:05:50]} 17. b3 {[%emt 0:01:41]} O-O {[%emt 0:02:40]} 18. Bd4 {[%emt 0:02:00]} Ne8 {[%emt 0:02:40]} 19. Bxe5 {[%emt 0:00:08]} Nxd6 {[%emt 0:00:01]} 20. Bxd6 {[%emt 0:00:07]} Rfc8 {[%emt 0:00:02]} 21. Kb2 {[%emt 0:00:47]} Be8 {[%emt 0:01:48]} 22. e5 {[%emt 0:00:10]} f6 {[%emt 0:00:56]} 23. Ne4 {[%emt 0:00:23]} fxe5 {[%emt 0:01:14]} 24. c4 {[%emt 0:01:46]} Bg6 {[%emt 0:00:57]} 25. Re1 {[%emt 0:00:10]} Ra6 {[%emt 0:00:22]} 26. c5 {[%emt 0:00:06]} Rcc6 {[%emt 0:00:50]} 27. b4 {[%emt 0:00:08]} Bxe4 {[%emt 0:00:19]} 28. Rxe4 {[%emt 0:00:06]} Rxd6 {[%emt 0:00:04]} 29. cxd6 {[%emt 0:00:05]} Rxd6 {[%emt 0:00:03]} 30. b5 {[%emt 0:00:16]} 1-0